| 000 -LEADER | |
|---|---|
| fixed length control field | 00362nam a22001217a 4500 |
| 020 ## - INTERNATIONAL STANDARD BOOK NUMBER | |
| ISBN | 1883925177 |
| 050 ## - LIBRARY OF CONGRESS CALL NUMBER | |
| Classification number | BS 1291 |
| 100 ## - MAIN ENTRY--AUTHOR NAME | |
| Personal name | Merling, David Sr. |
| 245 ## - TITLE STATEMENT | |
| Title | The book of John: theme and role in archaeological discussins |
| 260 ## - PUBLICATION, DISTRIBUTION, ETC. (IMPRINT) | |
| Place of publication | Andrews |
| Name of publisher | Andrews University Press |
| Year of publication | 1996 |
| 300 ## - PHYSICAL DESCRIPTION | |
| Number of Pages | 353p.; includes bibliographical references and index |
| 942 ## - ADDED ENTRY ELEMENTS (KOHA) | |
| Koha item type | Books |
| Koha item type | Collection code | Shelving location | Accession Number | Permanent Location | Current Location | Date acquired | Full call number |
|---|---|---|---|---|---|---|---|
| Books | Lending | Lending | 0390 | Chapman Library | Chapman Library | 2017-06-06 | BS 0390mer |

